000 00717nam a2200229Ia 4500
001 7078
003 GE_BSU
008 181216s||||||||xx |||||||||||||| ||und||
040 _cGE_BSU
080 _a519.85
100 _aАрис,Р.
245 _aДискретное динамическое программирование
245 _bВведение в оптимизацию многошаговых процессов
245 _cРед.Б.Т.Поляка
260 _aМосква
260 _bМир
260 _c1969
300 _a171стр.
300 _eБиблиогр.стр.167
653 _aДискретное динамическое программирование
942 _cBK
999 _c40467
_d40467